[Event "Granda-Short Rapid Match"]
[Site "Lima PER"]
[Date "2012.05.26"]
[Round "4"]
[White "Short,N"]
[Black "Granda Zuniga,J"]
[Result "1-0"]
[WhiteElo "2705"]
[BlackElo "2657"]

1.c4 c6 2.Nf3 d5 3.e3 Nf6 4.Nc3 a6 5.b3 Bg4 6.h3 Bxf3 7.Qxf3 e6 8.g4 Nbd7
9.g5 Ne5 10.Qg3 Nfd7 11.f4 Ng6 12.h4 Bd6 13.Bb2 Ne7 14.O-O-O Qa5 15.Kb1 O-O-O
16.h5 Kb8 17.d4 Nf5 18.Qf3 Ba3 19.c5 Bxb2 20.Kxb2 b6 21.cxb6 Nxb6 22.Bd3 Nd6
23.Rc1 Ka7 24.Nb1 Rb8 25.Ka1 Rhc8 26.Rc5 Qb4 27.Rhc1 Ndc4 28.Qe2 Nd7 29.bxc4 Nxc5
30.dxc5 g6 31.Qd2 Qxc5 32.cxd5 Qxd5 33.Nc3 Qa5 34.hxg6 hxg6 35.Ne4 Qxd2 36.Nxd2 e5
37.fxe5 Rd8 38.Rc3 Rb4 39.Nf3 Kb6 40.a3 Rg4 41.Kb2 c5 42.Bc4 Rd7 43.Kb3 Ka5
44.e6 Rb7+ 45.Kc2 Rg2+ 46.Kd3 fxe6 47.Bxe6 Ka4 48.Bd5 Rb1 49.Bc6+ Ka5 50.Nd2  1-0

[Event "Granda-Short Rapid Match"]
[Site "Lima PER"]
[Date "2012.05.26"]
[Round "5"]
[White "Granda Zuniga,J"]
[Black "Short,N"]
[Result "1/2-1/2"]
[WhiteElo "2657"]
[BlackElo "2705"]

1.Nf3 d5 2.c4 d4 3.b4 f6 4.e3 e5 5.exd4 e4 6.Qe2 Qe7 7.Ng1 Nc6 8.Qe3 Nxb4
9.Na3 Nh6 10.Bb2 Nf5 11.Qb3 a5 12.Nc2 Bd7 13.Bc3 c5 14.dxc5 Qxc5 15.Ne3 Bc6
16.Nh3 Bd6 17.a3 Nd3+ 18.Bxd3 exd3 19.O-O O-O 20.Rfe1 Kh8 21.a4 Nh4 22.Nd5 Bd7
23.Re3 Bf5 24.Nhf4 Bxf4 25.Nxf4 Rac8 26.Nxd3 Qxc4 27.Qxc4 Rxc4 28.Nb2 Rc5
29.d4 Rcc8 30.g3 Ng6 31.Bxa5 Rc2 32.Nd3 Ra8 33.Bb6 Rc6 34.Bc5 Bxd3 35.Rxd3 b6
36.Bb4 Rc4 37.Bd2 Rcxa4 38.Rxa4 Rxa4 39.Be3 Rb4 40.Rc3 h5 41.Rc7 b5 42.Kg2 Rb3
43.h4 Kg8 44.Rc5 Kf7 45.Rxh5 Ne7 46.d5 Rd3 47.d6 Nd5 48.Bc5 Ke6 49.Rh7 Rc3
50.Rxg7 Rxc5 51.d7 Nf4+ 52.gxf4 Rd5 53.h5 f5 54.Rg6+ Kf7 55.Rb6 Rxd7 56.Rxb5 Kf6
57.Rb6+ Kg7 58.Rg6+ Kh7 59.Rf6 Rd5 60.Kg3 Kg7 61.Rg6+ Kh7 62.Kh4 Rd2 63.Rg2 Kh6
64.Rg6+ Kh7 65.Kg3 Rd3+ 66.Kg2 Rd4 67.Kf3 Rd3+ 68.Ke2 Ra3 69.Rf6 Ra5 70.Re6 Kg7
71.Kf3 Kf7 72.Rg6 Ra1 73.Kg2 Ra4 74.Kg3 Ra3+ 75.Kh4 Rf3 76.Kg5 Rxf2 77.Rf6+ Kg7
78.h6+ Kh7 79.Rf7+ Kg8 80.Ra7 Kh8 81.Kxf5 Rh2 82.Kg5 Rg2+ 83.Kf5 Rh2 84.Ra6 Kh7
85.Re6 Rh5+ 86.Ke4 Rh1 87.f5 Re1+ 88.Kd5 Rd1+ 89.Ke5 Re1+ 90.Kf6 Rf1 91.Re2 Rf3
92.Rh2 Rf1 93.Ke6 Re1+ 94.Kf7 Ra1 95.Kf6 Rb1 96.Re2 Ra1 97.Kf7 Ra7+ 98.Re7 Ra8
99.f6 Kxh6 100.Re1 Ra7+ 101.Ke6 Ra6+ 102.Kf5 Ra5+ 103.Ke6 Ra6+ 104.Kf7 Ra7+
105.Re7 Ra8 106.Rb7 Kh7 107.Ke6+ Kg6 108.Rg7+ Kh6 109.Rd7 Kg6 110.f7 Kg7  1/2-1/2

[Event "Granda-Short Rapid Match"]
[Site "Lima PER"]
[Date "2012.05.26"]
[Round "6"]
[White "Short,N"]
[Black "Granda Zuniga,J"]
[Result "1-0"]
[WhiteElo "2705"]
[BlackElo "2657"]

1.e4 c6 2.Ne2 d5 3.e5 Bg4 4.d4 c5 5.c3 Nc6 6.Be3 e6 7.Qd2 Nge7 8.f3 Bf5 9.g4 Bxb1
10.Rxb1 h5 11.Bg2 hxg4 12.fxg4 Ng6 13.O-O Qc7 14.b4 c4 15.Nf4 Nxf4 16.Bxf4 O-O-O
17.Bg3 Re8 18.Rf3 Nd8 19.h4 Be7 20.g5 g6 21.Bh3 Rh7 22.Bg4 Reh8 23.Kg2 Kd7
24.a4 Ke8 25.a5 Nc6 26.Qf2 Rg7 27.Rf1 Rhh7 28.Rf6 Nd8 29.Qf3 Qd7 30.Rh1 Rg8
31.Rf4 Qa4 32.Qf2 Rgh8 33.Rf1 Qd7 34.Bd1 Rg7 35.Qa2 Kf8 36.Ba4 Qc7 37.Qf2 Kg8
38.Be8 Bf8 39.Rf6 Qe7 40.Ba4 Qc7 41.Qf3 Qe7 42.Rh1 Rgh7 43.Bc2 Qe8 44.Qd1 Be7
45.Ba4 Nc6 46.Rff1 Qc8 47.Qf3 Nd8 48.Rh2 Qc7 49.Kg1 Rg7 50.Ra1 Nc6 51.a6 b6
52.b5 Nd8 53.Qg4 Rh5 54.Bf4 Rgh7 55.Qg3 Qd7 56.Rb1 Qe8 57.Bd1 Qd7 58.Bxh5 Rxh5
59.Ra2 Qe8 60.Kg2 Kg7 61.Qg4 Kg8 62.Bc1 Kg7 63.Ba3 Bxa3 64.Rxa3 Kg8 65.Kg3 Kg7
66.Ra2 Kg8 67.Qd1 Qe7 68.Qc1 Kg7 69.Rf2 Kg8 70.Rf6 Kg7 71.Qb2 Kg8 72.Rbf1 Kg7
73.Kg4 Kg8 74.Qc2 Kg7 75.Qb1 Rh7 76.R1f3 Rh8 77.Rxf7+ Nxf7 78.Rf6 Nxe5+ 79.dxe5 Qe8
80.Qb4 Qd7 81.h5 gxh5+ 82.Kh3 d4 83.cxd4 Rc8 84.Qb1 Qe8 85.Rh6  1-0

[Event "32nd Benasque Open"]
[Site "Benasque ESP"]
[Date "2012.07.05"]
[Round "1.2"]
[White "Granda Zuniga,J"]
[Black "Rius Marse,J"]
[Result "1-0"]
[WhiteElo "2657"]
[BlackElo "1988"]

1.Nf3 e6 2.c4 b6 3.d4 Bb7 4.Nc3 Nf6 5.a3 d5 6.Bg5 Be7 7.e3 O-O 8.Rc1 Nbd7
9.cxd5 exd5 10.Be2 Ne4 11.Bf4 Bd6 12.Bxd6 Nxd6 13.O-O Ne4 14.Ne1 Re8 15.Nd3 Qg5
16.Nb5 Nxf2 17.Rxf2 Qxe3 18.Nxc7 Rab8 19.Nxe8 Rxe8 20.Rc7 Bc8 21.Qc2  1-0

[Event "32nd Benasque Open"]
[Site "Benasque ESP"]
[Date "2012.07.06"]
[Round "2.2"]
[White "Verduyn,F"]
[Black "Granda Zuniga,J"]
[Result "0-1"]
[WhiteElo "2183"]
[BlackElo "2657"]

1.c4 e5 2.g3 Nc6 3.Nc3 g6 4.Bg2 Bg7 5.e4 d6 6.d3 Nge7 7.Nge2 O-O 8.O-O Be6
9.Nd5 Qd7 10.Be3 f5 11.Qd2 Rf7 12.f3 Raf8 13.Rad1 Nc8 14.b3 Nd8 15.Ndc3 c5
16.Nd5 Nc6 17.exf5 Bxf5 18.Nec3 N8e7 19.Nxe7+ Rxe7 20.Ne4 Nd4 21.Bxd4 exd4
22.f4 b6 23.b4 Kh8 24.b5 d5 25.cxd5 Qxd5 26.Rde1 Qd7 27.Ng5 Re3 28.Bc6 Qe7
29.Be4 Re8 30.Rxe3 dxe3 31.Qe2 Bxe4 32.dxe4 h6 33.Nf3 Qxe4 34.Rd1 c4 35.Ne5 Bxe5
36.fxe5 c3 37.e6 Qxe6 38.Qc2 Rc8 39.Re1 Kg7 40.Qa4 c2  0-1

[Event "32nd Benasque Open"]
[Site "Benasque ESP"]
[Date "2012.07.07"]
[Round "3.2"]
[White "Granda Zuniga,J"]
[Black "Ladron de Guevara Pinto,P"]
[Result "1-0"]
[WhiteElo "2657"]
[BlackElo "2353"]

1.Nf3 d5 2.c4 c6 3.e3 Nf6 4.b3 Bg4 5.Bb2 Nbd7 6.Be2 e6 7.h3 Bh5 8.d3 Bd6
9.Nbd2 Bg6 10.Nh4 Qe7 11.a3 O-O 12.O-O e5 13.Qc2 Rac8 14.Rfc1 b6 15.cxd5 Nxd5
16.Nxg6 hxg6 17.Bf3 N7f6 18.b4 Qe6 19.Qa4 Rfd8 20.Rc2 Bb8 21.Rac1 Ne7 22.Be2 Nfd5
23.Ne4 Qd7 24.Qb3 Qc7 25.g3 Qd7 26.Ng5 Qf5 27.h4 Qf6 28.Bg4 Rc7 29.Ne4  1-0

[Event "32nd Benasque Open"]
[Site "Benasque ESP"]
[Date "2012.07.14"]
[Round "10.10"]
[White "Granda Zuniga,J"]
[Black "Kiewra,K"]
[Result "1-0"]
[WhiteElo "2657"]
[BlackElo "2361"]

1.Nf3 Nf6 2.g3 g6 3.b4 Bg7 4.Bb2 O-O 5.Bg2 d5 6.O-O b6 7.c4 c6 8.Na3 Bb7
9.Rc1 Nbd7 10.d4 Ne4 11.Qb3 e6 12.Rfd1 Qe7 13.Ne1 f5 14.Nd3 Rab8 15.b5 c5
16.e3 Rfc8 17.dxc5 Ndxc5 18.Nxc5 Nxc5 19.Qb4 Bxb2 20.Qxb2 Ne4 21.Bxe4 dxe4
22.Qe5 Rc7 23.Rd6 Rbc8 24.Rcd1 Kf7 25.g4 Rc5 26.Qg3 R8c7 27.h3 Bc8 28.Rd8 Rd7
29.R1xd7 Bxd7 30.Rh8 Kg7 31.Qb8 fxg4 32.hxg4 Rg5 33.Nb1 Rxg4+ 34.Kf1 Qb4
35.Qg8+ Kf6 36.Qf8+ Qxf8 37.Rxf8+ Ke7 38.Rh8 h5 39.Nd2 e5 40.Rh7+ Kd6 41.a4 h4
42.c5+ bxc5 43.Nc4+ Ke6 44.Rxd7 Kxd7 45.Nxe5+ Kd6 46.Nxg4 c4 47.f3 Kc5 48.fxe4 c3
49.Ke2 Kb4 50.e5 Kb3 51.Nf2 h3 52.e6 c2 53.e7 c1=Q 54.e8=Q h2 55.Qc6 Qb2+
56.Kf3 Kb4 57.b6 Qh8 58.Qb5+ Ka3 59.Kg2 axb6 60.Qxb6 Kxa4 61.Qxg6 Kb5 62.Qf5+ Kc6
63.Qf4 Kd5 64.Qxh2 Qb2 65.Qh6 Qe2 66.Kg3 Qe1 67.Kf3 Qf1 68.Qf6 Qb1 69.e4+ Kc5
70.Qe5+  1-0

[Event "30th Andorra Open"]
[Site "Erts-La Massana AND"]
[Date "2012.07.21"]
[Round "1.3"]
[White "Soyeur,A"]
[Black "Granda Zuniga,J"]
[Result "0-1"]
[WhiteElo "2118"]
[BlackElo "2657"]

1.c4 e5 2.g3 Nc6 3.Bg2 g6 4.Nc3 Bg7 5.d3 Nge7 6.e4 Nd4 7.Nge2 Nec6 8.O-O O-O
9.Be3 d6 10.Qd2 a6 11.f4 f5 12.Rac1 Be6 13.Nd5 Nxe2+ 14.Qxe2 Qd7 15.c5 Rae8
16.cxd6 cxd6 17.Qd2 exf4 18.Bxf4 Bxd5 19.exd5 Bd4+ 20.Kh1 Ne5 21.Bxe5 Rxe5
22.Rfe1 Rfe8 23.Rxe5 Rxe5 24.Re1 Bxb2 25.Rxe5 Bxe5 26.Qb4 Qc7 27.Qb1 b5 28.Bf3 h5
29.Kg2 Kg7 30.h3 Qc3 31.Qd1 a5 32.g4 fxg4 33.hxg4 Qb2+ 34.Qe2 h4 35.Qxb2 Bxb2
36.Bd1 a4 37.d4 Bxd4 38.Be2 b4 39.Bd1 b3  0-1

[Event "30th Andorra Open"]
[Site "Andorra la Vella AND"]
[Date "2012.07.22"]
[Round "2.3"]
[White "Granda Zuniga,J"]
[Black "Torres,Ju2"]
[Result "1-0"]
[WhiteElo "2657"]
[BlackElo "2306"]

1.Nf3 Nf6 2.g3 d5 3.Bg2 c6 4.d3 Bf5 5.O-O e6 6.Nfd2 Be7 7.e4 Bg6 8.Nc3 O-O
9.Qe2 Re8 10.h3 a5 11.f4 h6 12.g4 Nfd7 13.Nf3 f5 14.Be3 Na6 15.Rae1 Bc5 16.e5 b5
17.Bxc5 Naxc5 18.Qf2 Qb6 19.Ne2 Na4 20.b3 Qxf2+ 21.Rxf2 Nab6 22.Nh4 Bh7 23.gxf5 exf5
24.Nd4 g5 25.Nhxf5 Bxf5 26.Nxf5 gxf4 27.Nxh6+ Kh7 28.Ng4 Rf8 29.d4 Rf5 30.Bf1 Kg7
31.Bd3 Rh5 32.Rxf4  1-0

[Event "30th Andorra Open"]
[Site "Andorra la Vella AND"]
[Date "2012.07.23"]
[Round "3.3"]
[White "Alexandrova,O"]
[Black "Granda Zuniga,J"]
[Result "0-1"]
[WhiteElo "2417"]
[BlackElo "2657"]

1.d4 d5 2.c4 dxc4 3.Nf3 e6 4.e3 a6 5.Bxc4 b5 6.Bd3 Nf6 7.O-O Nbd7 8.a4 b4
9.a5 c5 10.Qe2 Bb7 11.Nbd2 Be7 12.Nc4 O-O 13.Rd1 Qb8 14.Nfe5 Rd8 15.Bd2 Nxe5
16.dxe5 Nd7 17.f4 Bc6 18.Be1 Bb5 19.Bg3 Qa7 20.e4 Nf8 21.f5 Rd7 22.b3 Rad8
23.Bf2 Qc7 24.Nd6 Bxd6 25.exd6 Qxd6 26.Bxb5 Qxd1+ 27.Rxd1 Rxd1+ 28.Be1 axb5
29.Kf2 R1d3 30.Qc2 c4 31.bxc4 b3 32.Qb2 bxc4 33.f6 Nd7 34.fxg7 Nc5 35.Ke2 c3
36.Bxc3 Na4 37.Qxb3 Nxc3+ 38.Kf1 Nxe4 39.Qb7 Re3 40.g3 Rd1+ 41.Kg2 Rd2+ 42.Kh3 Nf2+
43.Kg2 Ng4+ 44.Kh3 h5 45.Kh4 Rxh2+ 46.Kg5 Re5+  0-1

[Event "30th Andorra Open"]
[Site "Erts-La Massana AND"]
[Date "2012.07.24"]
[Round "4.1"]
[White "Granda Zuniga,J"]
[Black "Comas Fabrego,L"]
[Result "1/2-1/2"]
[WhiteElo "2657"]
[BlackElo "2514"]

1.d4 Nf6 2.c4 g6 3.f3 Bg7 4.e4 d6 5.Ne2 O-O 6.Nec3 e5 7.d5 Nh5 8.Be3 f5 9.Nd2 Nd7
10.Qc2 a5 11.O-O-O Nc5 12.Kb1 b6 13.Nb3 Na6 14.a3 Bd7 15.Qd2 a4 16.Nc1 Nc5
17.Bd3 Qc8 18.N1e2 Nf6 19.h3 fxe4 20.fxe4 Nh5 21.Rhf1 Qa6 22.Nb5 Qb7 23.Bc2 Nf4
24.Nxf4 exf4 25.Bxf4 Bxb5 26.cxb5 Qc8 27.Qe2 Qd7 28.Bd2 Qe7 29.Rf3 Rae8 30.Re1 Qe5
31.Bc3 Qh2 32.Bxg7 Kxg7 33.Ref1 Qe5 34.Qc4 Rxf3 35.gxf3 Qg3 36.Bxa4 Nxa4
37.Qxa4 Qxh3 38.Qc4 Re7 39.Qd4+ Kf7 40.Qf2 h5 41.Rg1 Kg7 42.Rg3 Qh1+ 43.Rg1 Qh3
44.Qd4+ Kh7 45.Qf6 Rg7 46.Ka2 Qd7 47.a4 Qf7 48.Qc3 Qf4 49.Rh1 Rf7 50.Rh3 Qg5
51.Qc2 Kh6 52.Qe2 Qg1 53.Qd2+ Kh7 54.Qe2 Qd4 55.Kb3 Kh6 56.Rh1 Qf6 57.Rh3 Qd4
58.Rh1 Qf6 59.Rh3  1/2-1/2

[Event "30th Andorra Open"]
[Site "Erts-La Massana AND"]
[Date "2012.07.25"]
[Round "5.1"]
[White "Marin,Mi"]
[Black "Granda Zuniga,J"]
[Result "1-0"]
[WhiteElo "2548"]
[BlackElo "2657"]

1.d4 c5 2.d5 g6 3.c4 Bg7 4.e4 d6 5.Nc3 Nf6 6.Bd3 O-O 7.Nf3 e5 8.Bg5 h6 9.Bd2 Kh8
10.g3 Bg4 11.h3 Bd7 12.Qe2 Na6 13.a3 Qe7 14.Nh4 Ng8 15.Rb1 Nc7 16.b4 Rfb8
17.Ng2 b6 18.g4 Ne8 19.h4 Nef6 20.Ne3 Nh7 21.Qf3 a6 22.Kf1 Be8 23.Qg3 Ngf6
24.Kg2 Nd7 25.g5 h5 26.Nf5 gxf5 27.exf5 b5 28.Qf3 bxc4 29.Be4 cxb4 30.Qxh5 Nc5
31.f6 Nxe4 32.Nxe4 Qf8 33.Bxb4 Rd8 34.Ba5 Rdc8 35.Bb4 Qg8 36.fxg7+ Qxg7 37.Nf6 Qg6
38.Qxg6 fxg6 39.Nxe8 Rxe8 40.Bxd6  1-0

[Event "30th Andorra Open"]
[Site "Erts-La Massana AND"]
[Date "2012.07.26"]
[Round "6.9"]
[White "Granda Zuniga,J"]
[Black "Valdes,Le"]
[Result "1-0"]
[WhiteElo "2657"]
[BlackElo "2380"]

1.d4 Nf6 2.c4 d6 3.Nc3 g6 4.e4 Bg7 5.Nf3 O-O 6.Be2 e5 7.d5 Nbd7 8.Bg5 h6
9.Bh4 a6 10.Nd2 Qe8 11.O-O Nh7 12.b4 Ng5 13.f3 f5 14.Kh1 Qe7 15.Qc2 Nf6 16.Rfc1 Nh5
17.Bf1 Bf6 18.Bf2 Nh7 19.Qd1 Bg5 20.c5 N7f6 21.Rc2 Bd7 22.a4 Rf7 23.Bd3 Nf4
24.Bc4 N4h5 25.c6 Bc8 26.exf5 gxf5 27.cxb7 Bxb7 28.Nb3 Nh7 29.Na5 Bc8 30.Nc6 Qf6
31.b5 axb5 32.Nxb5 f4 33.Nc3 Qg7 34.Bd3 Bf6 35.Ne4 Kh8 36.a5 Ng5 37.Qe1 Rf8
38.Nxg5 Bxg5 39.a6 Bf6 40.Ra5 Rg8 41.Bg1 Qg5 42.h3 Bf5 43.Bxf5 Ng3+ 44.Kh2 Nxf5
45.a7 Nh4 46.Raa2 Qh5 47.Qf1 Rxg2+ 48.Rxg2 Nxf3+ 49.Kh1 e4 50.Qb1 Qxh3+ 51.Bh2 Bg7
52.Qb8+ Kh7 53.Rxg7+ Kxg7 54.Rg2+ Ng5 55.Qxc7+ Kh8 56.Qb8+ Kh7 57.Qxa8 Qb3
58.Qe8 Qd1+ 59.Bg1 f3 60.Rxg5 hxg5 61.Qh5+  1-0

[Event "30th Andorra Open"]
[Site "Erts-La Massana AND"]
[Date "2012.07.27"]
[Round "7.5"]
[White "Alonso Rosell,A"]
[Black "Granda Zuniga,J"]
[Result "1-0"]
[WhiteElo "2502"]
[BlackElo "2657"]

1.d4 c5 2.d5 e5 3.c4 d6 4.Nc3 g6 5.e4 Bg7 6.g3 Nd7 7.Bg2 Ne7 8.Nge2 O-O 9.O-O f5
10.Bd2 Nf6 11.f4 exf4 12.Nxf4 fxe4 13.Ne6 Bxe6 14.dxe6 Qb6 15.Qb3 Nc6 16.Bf4 e3
17.Bxe3 Ng4 18.Rxf8+ Rxf8 19.Bd5 Kh8 20.Qxb6 axb6 21.Bf4 g5 22.Bxg5 Bd4+
23.Kg2 Rf2+ 24.Kh3 h5 25.Rh1 Bf6 26.Kh4 Bxg5+ 27.Kxg5 Ne7 28.Be4 Rf6 29.h3  1-0

[Event "30th Andorra Open"]
[Site "Erts-La Massana AND"]
[Date "2012.07.28"]
[Round "8.11"]
[White "Granda Zuniga,J"]
[Black "Jerez Perez,A"]
[Result "1-0"]
[WhiteElo "2657"]
[BlackElo "2407"]

1.d4 Nf6 2.c4 g6 3.Nc3 d5 4.Nf3 Bg7 5.Bg5 dxc4 6.e3 Be6 7.Nd2 c5 8.dxc5 Qa5
9.Bxc4 Bxc4 10.Nxc4 Qxc5 11.Bxf6 Bxf6 12.Rc1 Nc6 13.Nd5 Rd8 14.e4 O-O 15.O-O Nb4
16.Nce3 Qd6 17.Qb3 Nxd5 18.Nxd5 b6 19.Rc7 Rd7 20.Rfc1 Rfd8 21.g3 Qe5 22.Rxd7 Rxd7
23.Qa4 Rd8 24.b3 Qb2 25.Rf1 e6 26.Nxf6+ Qxf6 27.Qxa7 e5 28.Qc7 Rd2 29.a4 Rd4
30.Qc2 Qd6 31.Re1 Rd3 32.Re3 Rd1+ 33.Kg2 Kg7 34.Rf3 Rd4 35.Qc8 Rb4 36.Qb7 Qe6
37.h4 h5 38.Rd3 Qg4 39.Qe7 Qxe4+ 40.Rf3 Rd4 41.Qxf7+ Kh6 42.Kh2 Rd8 43.Qf6 Qd5
44.Qg5+  1-0

[Event "30th Andorra Open"]
[Site "Erts-La Massana AND"]
[Date "2012.07.29"]
[Round "9.6"]
[White "Vila Gazquez,X"]
[Black "Granda Zuniga,J"]
[Result "0-1"]
[WhiteElo "2454"]
[BlackElo "2657"]

1.e4 e6 2.d4 d5 3.Nd2 Ne7 4.Ngf3 g6 5.Bd3 Bg7 6.O-O O-O 7.c3 b6 8.Re1 c5
9.e5 Ba6 10.Bb1 Nd7 11.Nf1 Bxf1 12.Kxf1 Nc6 13.Bg5 Qc7 14.Qd2 Rae8 15.Bf4 Qd8
16.Bc2 f6 17.exf6 Nxf6 18.Bh6 Qc7 19.Bxg7 Kxg7 20.h3 e5 21.dxe5 Nxe5 22.Nxe5 Rxe5
23.Rxe5 Qxe5 24.Kg1 Re8 25.Rd1 c4 26.Rf1 h5 27.f4 Qe2 28.Qxe2 Rxe2 29.Rf2 Re3
30.Kf1 Ne4 31.Bxe4 Rxe4 32.f5 g5 33.g3 d4 34.cxd4 Rxd4 35.Ke2 Kf6 36.Rf3 a5
37.b3 b5 38.bxc4 Rxc4 39.Rb3 b4 40.Kd3 Rc1 41.a3 Rf1 42.Ke2 Ra1 43.axb4 a4
44.Rd3 a3 45.Rd2 Rb1 46.Rd6+ Kxf5 47.Ra6 Rb3 48.b5 Rxg3 49.h4 g4 50.b6 Rb3
51.Kf2 Rb2+ 52.Kg3 a2 53.Ra5+ Ke4 54.Ra4+ Ke5 55.b7 Rb3+ 56.Kg2 Rxb7 57.Ra5+ Kd4
58.Rxa2 Rb5 59.Ra3 Ke4 60.Ra4+ Kf5 61.Ra3 Rd5 62.Kf2 Ke4 63.Ra4+ Rd4 64.Ra5 Kf4
65.Rxh5 Rd2+ 66.Ke1 Ra2 67.Rb5 Kf3 68.Rb3+ Kg2 69.h5 g3 70.h6 Ra6 71.h7 Re6+
72.Kd2 Rh6 73.Ke3 Rxh7 74.Rb2+ Kh3 75.Rb3 g2  0-1

[Event "TCh-ESP CECLUB 2a Gp2 2012"]
[Site "Burguillos ESP"]
[Date "2012.08.08"]
[Round "1.1"]
[White "Gomez Gomez,F"]
[Black "Granda Zuniga,J"]
[Result "0-1"]
[WhiteElo "2172"]
[BlackElo "2653"]

1.e4 c5 2.Nf3 a6 3.c3 Nf6 4.e5 Nd5 5.d4 cxd4 6.cxd4 Nc6 7.Nc3 Nxc3 8.bxc3 d5
9.Bd3 g6 10.O-O Bg7 11.Rb1 O-O 12.h3 Na5 13.a4 Bd7 14.Ba3 Qe8 15.Bc2 Nc4
16.Bc5 b5 17.axb5 Bxb5 18.Re1 Rc8 19.Nd2 Nxe5 20.Bb3 Qd7 21.Bxe7 Qxe7 22.dxe5 Rxc3
23.Nf3 Rd3 24.Qc1 Re8 25.Qf4 Rc8 26.Red1 Rc5 27.Rxd3 Bxd3 28.Rc1 Bxe5 29.Nxe5 Rxc1+
30.Kh2 g5 31.Qxc1 Qxe5+ 32.Kg1 d4 33.Qc8+ Kg7 34.Qd8 Bg6 35.Bc4 a5 36.Kf1 Qc5
37.Ba6 a4 38.Ke1  0-1

[Event "TCh-ESP CECLUB 2a Gp2 2012"]
[Site "Burguillos ESP"]
[Date "2012.08.09"]
[Round "2.1"]
[White "Granda Zuniga,J"]
[Black "Barrero Garcia,C"]
[Result "0-1"]
[WhiteElo "2653"]
[BlackElo "2352"]

1.d4 Nf6 2.c4 g6 3.Nc3 Bg7 4.e4 d6 5.Nf3 O-O 6.Be2 e5 7.d5 a5 8.Bg5 h6 9.Bh4 Na6
10.Nd2 Qe8 11.O-O Nh7 12.Kh1 f5 13.exf5 gxf5 14.f4 Nf6 15.h3 Nc5 16.fxe5 dxe5
17.Qe1 Bd7 18.Qg3 b6 19.Rae1 f4 20.Qh2 Qg6 21.Bd1 Bf5 22.g3 fxg3 23.Qxg3 Qh7
24.Rxe5 Nfe4 25.Ncxe4 Nxe4 26.Nxe4 Bxe4+ 27.Kg1 Kh8 28.Rxf8+ Rxf8 29.Re7 Bd4+
30.Kh2 Qf5 31.Re6 Qf1 32.Rxh6+ Bh7 33.Bc2 Qe2+ 34.Qg2 Rg8 35.Bd1 Ra8  0-1

[Event "TCh-ESP CECLUB 2a Gp2 2012"]
[Site "Burguillos ESP"]
[Date "2012.08.10"]
[Round "4.1"]
[White "Granda Zuniga,J"]
[Black "Astasio Lopez,D"]
[Result "1-0"]
[WhiteElo "2653"]
[BlackElo "2385"]

1.Nf3 d5 2.g3 Nf6 3.Bg2 g6 4.c4 c6 5.Qc2 Bg7 6.O-O O-O 7.d3 Re8 8.Bf4 Nbd7
9.cxd5 Nxd5 10.Bd2 e5 11.Nc3 N7f6 12.Rad1 Qe7 13.Ng5 Nxc3 14.bxc3 Bf5 15.e4 Bg4
16.f3 Bd7 17.Nh3 c5 18.Nf2 Rad8 19.Be3 Bc6 20.a4 Qc7 21.Ra1 Qa5 22.Rfb1 Nd7
23.Bf1 Kh8 24.Be2 Nf8 25.h4 f5 26.Kg2 Ne6 27.Bd2 Rf8 28.Qa2 Rd6 29.Rh1 h6
30.h5 g5 31.exf5 Rxf5 32.Ne4 Bxe4 33.dxe4 Rf8 34.Rhd1 Rfd8 35.Be1 Qc7 36.Rxd6 Rxd6
37.Rd1 Qf7 38.Kg1 Rxd1 39.Bxd1 Qd7 40.Bb3 Nc7 41.Qe2 b5 42.axb5 Qxb5 43.Bc4 Qd7
44.Bf2 Bf8 45.Qb2 Kg7 46.Qa1 Ne8 47.Qa6 Nf6 48.g4 Bd6 49.Kf1 Qc7 50.Ba2 Qd7
51.Ke1 Qc7 52.Kd1 Qd7 53.Kc2 Qc7 54.Bc4 Nd7 55.Be6 Nb6 56.Qb5 Kf8 57.c4 Ke7
58.Bf5 Kd8 59.Be1 Ke7 60.Bc3 Kd8 61.Qa6 Ke7 62.f4 gxf4 63.g5 hxg5 64.h6 Kf6
65.Qb5 Qb8 66.Qc6 f3 67.h7 Kg7 68.h8=Q+ Kxh8 69.Bxe5+ Bxe5 70.Qh6+  1-0

[Event "TCh-ESP CECLUB 2a Gp2 2012"]
[Site "Burguillos ESP"]
[Date "2012.08.11"]
[Round "5.1"]
[White "Razmyslov,A"]
[Black "Granda Zuniga,J"]
[Result "0-1"]
[WhiteElo "2452"]
[BlackElo "2653"]

1.e4 c6 2.c4 d5 3.exd5 cxd5 4.cxd5 Nf6 5.Nc3 Nxd5 6.Nf3 e6 7.d4 Be7 8.Bd3 O-O
9.O-O Nc6 10.Re1 Nf6 11.a3 b6 12.Bc2 Bb7 13.Qd3 g6 14.Bh6 Re8 15.Rad1 Rc8
16.Qe2 Nd5 17.Ne4 Qc7 18.Ba4 a6 19.Rc1 b5 20.Bb3 Qb8 21.Bg5 f5 22.Nc5 Nxd4
23.Nxd4 Bxg5 24.Nxa6 Nf4 25.Qxb5 Bxa6 26.Qxa6 Rxc1 27.Rxc1 Nh3+ 28.gxh3 Bxc1
29.Bxe6+ Kg7 30.b3 Qd8 31.Qb7+ Re7 32.Qd5 Qxd5 33.Bxd5 Bxa3 34.Kf1 Rd7 35.Ne6+ Kf6
36.Bc4 Rd2 37.h4 h6 38.h3 Ke5 39.Kg2 Rc2 40.b4 f4 41.Bf1  0-1

[Event "TCh-ESP CECLUB 2a Gp2 2012"]
[Site "Burguillos ESP"]
[Date "2012.08.12"]
[Round "6.1"]
[White "Granda Zuniga,J"]
[Black "Genov,Peta"]
[Result "1-0"]
[WhiteElo "2653"]
[BlackElo "2450"]

1.d4 d5 2.c4 c6 3.Nc3 Nf6 4.e3 a6 5.Nf3 g6 6.b3 Bg7 7.Bb2 Bf5 8.Be2 Ne4 9.O-O Nxc3
10.Bxc3 O-O 11.Qc1 Nd7 12.Rd1 Nf6 13.Qa3 Ne4 14.Ba5 b6 15.Be1 Bg4 16.h3 Bxf3
17.Bxf3 f5 18.Rac1 Qd7 19.Qa4 b5 20.Qa5 Rfc8 21.Rc2 e6 22.Rdc1 Bf6 23.cxb5 cxb5
24.Rc7 Qe8 25.Qb6 Ng5 26.Be2 Nf7 27.Qc6 Qxc6 28.R7xc6 Re8 29.a4 bxa4 30.bxa4 a5
31.Bb5 Re7 32.Rc8+ Rxc8 33.Rxc8+ Kg7 34.Bxa5 Nd6 35.Rc6  1-0

[Event "7th Americas Continental 2012"]
[Site "Mar del Plata ARG"]
[Date "2012.10.12"]
[Round "1.2"]
[White "Martinez de Negri,G"]
[Black "Granda Zuniga,J"]
[Result "0-1"]
[WhiteElo "2123"]
[BlackElo "2647"]

1.e4 c5 2.Nf3 e6 3.d4 cxd4 4.Nxd4 Nf6 5.Nc3 d6 6.Bc4 Be7 7.Be3 O-O 8.Bb3 Na6
9.g4 Nc5 10.Qf3 Bd7 11.g5 Ne8 12.h4 Nc7 13.Qg2 b5 14.h5 a5 15.a3 b4 16.Nce2 d5
17.e5 bxa3 18.bxa3 Nb5 19.g6 Qc7 20.Nf3 Be8 21.gxh7+ Kxh7 22.Rg1 Rg8 23.a4 Nc3
24.Ned4 N3e4 25.Rc1 Rc8 26.Qg4 Qb7 27.Kf1 Qa6+ 28.Ne2 Kh8 29.Nd4 Bxa4 30.Bxa4 Nxa4
31.f3 Nec3 32.Kf2 Nxe2 33.Nxe2 Rc4 34.Bd4 Bc5 35.h6 g5 36.Rgd1 Qb6 37.c3 Nb2
38.Rd2 a4 39.f4 a3 40.fxg5 Qd8 41.Rg1 Be7 42.Qf3 Bxg5 43.Rc2 Bh4+ 44.Kf1 a2
45.Rc1 Ra4 46.Ra1 Nc4 47.Qd3 Rg5 48.Nc1 Nxe5 49.Qe3 Rxd4 50.cxd4 Qf6+ 51.Ke2 Nc4  0-1

[Event "7th Americas Continental 2012"]
[Site "Mar del Plata ARG"]
[Date "2012.10.13"]
[Round "2.2"]
[White "Granda Zuniga,J"]
[Black "Supi,L"]
[Result "1-0"]
[WhiteElo "2647"]
[BlackElo "2287"]

1.Nf3 Nf6 2.c4 g6 3.Nc3 Bg7 4.e4 d6 5.d4 O-O 6.Be2 e5 7.d5 a5 8.Bg5 h6 9.Bh4 Na6
10.Nd2 Qe8 11.O-O Bd7 12.Kh1 Nh7 13.b3 h5 14.f3 Bh6 15.a3 Be3 16.Ra2 f5 17.exf5 gxf5
18.Re1 Qg6 19.Bd3 Qh6 20.Nf1 Bg5 21.Bf2 h4 22.Qb1 h3 23.g3 Qg7 24.Nb5 Be7
25.Rae2 Rf7 26.b4 axb4 27.axb4 Ng5 28.Nd2 e4 29.fxe4 fxe4 30.Nxe4 Nf3 31.Rc1 Ne5
32.Bd4 Bg4 33.Rf2 Rxf2 34.Nxf2 Qf7 35.Bf1 Bg5 36.Rc3 Bf3+ 37.Kg1 Bd2 38.Bxh3 Qf6
39.Bxe5 dxe5 40.Rxf3 Qxf3 41.Qg6+ Kf8 42.Bf5 e4 43.Nd4 Qe3 44.Be6  1-0

[Event "7th Americas Continental 2012"]
[Site "Mar del Plata ARG"]
[Date "2012.10.14"]
[Round "3.2"]
[White "Cori T.,D"]
[Black "Granda Zuniga,J"]
[Result "0-1"]
[WhiteElo "2411"]
[BlackElo "2647"]

1.d4 d5 2.Nf3 Nf6 3.c4 c6 4.Nc3 e6 5.e3 Nbd7 6.Qc2 Bd6 7.Bd3 O-O 8.O-O Qe7
9.c5 Bc7 10.e4 dxe4 11.Nxe4 h6 12.Re1 Rd8 13.Ng3 Nd5 14.Qe2 N7f6 15.Ne5 Nb4
16.Bc4 Rxd4 17.Nf5 Qxc5 18.Nxd4 Qxd4 19.Nf3 Qd6 20.Be3 e5 21.Rac1 Nbd5 22.Bxd5 Qxd5
23.Rcd1 Qe6 24.Qc2 Nd5 25.Bc1 Bd7 26.Qb3 Rb8 27.Qc4 Re8 28.Qh4 e4 29.Nd4 Qg6
30.a3 Re5 31.h3 e3 32.fxe3 Rh5  0-1

[Event "7th Americas Continental 2012"]
[Site "Mar del Plata ARG"]
[Date "2012.10.14"]
[Round "4.2"]
[White "Granda Zuniga,J"]
[Black "Mekhitarian,K"]
[Result "1/2-1/2"]
[WhiteElo "2647"]
[BlackElo "2503"]

1.d4 Nf6 2.c4 e6 3.Nf3 d5 4.cxd5 exd5 5.Bg5 c6 6.Nbd2 Be7 7.e3 Bf5 8.Ne5 O-O
9.Bd3 Bxd3 10.Nxd3 Nbd7 11.O-O a5 12.Rc1 Re8 13.Qb3 Qb6 14.Qxb6 Nxb6 15.Nb3 Ne4
16.Bxe7 Rxe7 17.Nbc5 Nxc5 18.dxc5 Nc4 19.b3 Ne5 20.Nb2 Nd7 21.Rfd1 Re4 22.a3 Kf8
23.Na4 Ra6 24.Kf1 Ke8 25.Rc3 Kd8 26.f3 Re7 27.Rd4 Kc7 28.Kf2 f5 29.h4 Ra8
30.Nb2 Nf8 31.Nd3 Ne6 32.Ra4 Ree8 33.Rc1 g6 34.Nf4 Nxf4 35.Rxf4 Re6 36.h5 Rae8
37.Rc3 Re5 38.hxg6 hxg6 39.Ra4 g5 40.Rd3 d4 41.Raxd4 Rxc5 42.g4 Re7 43.gxf5 Rxf5
44.Kg3 Ref7 45.e4 Rf4 46.Re3 Rh4 47.Rd2 Rfh7 48.Red3 Kb6 49.Rd7 R7h5 50.Rg2 Rh1
51.Rg7 Rb1 52.Kg4 Rh8 53.Kxg5 Rxb3 54.f4 Kc5 55.Rg4 b5 56.f5 Rxa3 57.e5 a4
58.f6 Kd5 59.Kf4 Rd8 60.f7 Rf8 61.R4g6 Ra1 62.Rd6+ Kc5 63.Rd7 Re1 64.Kf5 a3
65.e6 a2 66.Ra7 Kd6 67.Rg8 Rf1+ 68.Kg6 a1=Q 69.Rxa1 Rxa1 70.Rxf8 Rg1+ 71.Kf6 Rf1+
72.Kg7 Rg1+ 73.Kf6 Rf1+ 74.Kg6 Rg1+  1/2-1/2

[Event "7th Americas Continental 2012"]
[Site "Mar del Plata ARG"]
[Date "2012.10.15"]
[Round "5.2"]
[White "Perez Ponsa,F"]
[Black "Granda Zuniga,J"]
[Result "0-1"]
[WhiteElo "2489"]
[BlackElo "2647"]

1.e4 e5 2.Nf3 Nc6 3.Bb5 a6 4.Ba4 Nf6 5.O-O Be7 6.Re1 b5 7.Bb3 O-O 8.c3 d6
9.h3 Na5 10.Bc2 c5 11.d4 Qc7 12.d5 Bd7 13.b3 Nb7 14.Nbd2 g6 15.Nf1 Ne8 16.Bh6 Ng7
17.g4 f6 18.Ng3 Nd8 19.Kh2 Nf7 20.Be3 c4 21.Qd2 Rfc8 22.b4 a5 23.a3 Ra6 24.Rad1 axb4
25.axb4 Ra2 26.Qc1 Rca8 27.Bb1 Ra1 28.Rg1 Qc8 29.Nf5 gxf5 30.gxf5 Kh8 31.Nh4 Ng5
32.Rg4 Be8 33.Rdg1 Qd8 34.Bxg5 fxg5 35.Nf3 h6 36.h4 Bh5 37.hxg5 Bxg4 38.gxh6 Nh5
39.Rxg4 Qb6  0-1